000 01085naa a22002777a 4500
001 BR6100016
003 BR-BrBNA
005 20240918173217.0
007 ta
008 230509b bl.||||| |||| 00| 0 por d
040 _aBR-BrBNA
_bpor
_cBiblioteca Nacional de Agricultura
041 _a(Pt)
072 _aH60
090 _aH60 BR6100016
100 1 _aFranco, C.M.
111 1 _a3. Seminario Brasileiro de Herbicidas e Ervas Daninhas
_cCampinas, SP (Brazil)
_d1960
245 1 _aTeor da umidade de tuberculos de tiririca armazenados em diferentes umidades relativas [erva daninha, Cyperus rotundus]
_bInforme preliminar
260 3 _aCampinas, SP (Brasil):
_c1961.
500 _aAnais do 3. Seminario Brasileiro de Herbicidas e Ervas Daninhas Campinas, SP (Brasil): 1961. p. 21-22 (BR6100016-AM)H60
650 _aERVA DANINHA
650 _aTIRIRICA
650 _aTUBERCULO
773 0 _tAnais do 3. Seminario Brasileiro de Herbicidas e Ervas Daninhas
_wH60 BR6100016
_gCampinas, SP (Brasil), 1961. p. 21-22
909 _a202404
_bLucia
_c55
_dLucia Elande
942 _cAM
_2AGRIS
999 _c303451
_d303451